Movies Quiz

Random Movies or Cast Quiz

Reservoir Dogs Cast by Character Quiz Stats

 Plays Quiz not verified by Sporcle

Challenge
Share
Tweet
Embed
Score 0/10 Timer 01:00
0 Plays Today
Character Actor % Correct
Mr.OrangeTim Roth
88.1%
Mr.WhiteHarvey Keitel
87.4%
Mr.BlondMichael Madsen
83.7%
Mr.PinkSteve Buscemi
81.5%
Mr.BrownQuentin Tarantino
80.7%
Nice Guy EddieChris Penn
67.4%
K-Billy DJSteven Wright
34.1%
Mr.BlueEddie Bunker
26.7%
Joe CabotLawrence Tierney
25.9%
Officer Marvin NashKirk Baltz
7.4%

You're not logged in!

Compare scores with friends on all Sporcle quizzes.
Join for Free
OR
Log In

You Might Also Like...

Show Comments

Extras

Top Quizzes Today


Score Distribution

Your Account Isn't Verified!

In order to create a playlist on Sporcle, you need to verify the email address you used during registration. Go to your Sporcle Settings to finish the process.

Report this User

Report this user for behavior that violates our Community Guidelines.

Details: